000 01548nam a2200493 c 4500
999 _c112501
_d112501
003 BLK
005 20230803115049.0
008 180409b bul|||||r ||||||| ||bul||
010 _aKNG00117872000
020 _a954-649-714-2
040 _aBLK
041 _aBUL
_cBUL
072 7 _2bullib
_aЯ
_xАвтографи
072 7 _2bullib
_aРА
_xРусенски автори
080 _aБългарска литература
_b821.163.2
_x-8
_z821.163.2-8
100 _aДе Мео, Йордан Константин
_d1945-2006
_9312557
139 _aДе Мео, Йордан
_bД 40
245 1 0 _aСтихове
_cЙордан Де Мео.
245 1 0 _aМисли
245 1 0 _aРазкази
245 1 0 _aЗа Русе
245 1 0 _aИдеи за филм
245 1 0 _aПътуването - сценарий за филм
257 _aBGR
260 _bСиела Софт енд Паблишинг
_c2004
300 _a312 с.
_bс портр.
_c23 см
380 _aX
500 _aОфс. изд.
651 4 _aРусе
_9179462
651 4 _aБългария
_9241624
653 _aстихотворения
653 _aразкази
653 _aсценарии
653 _aРусе
659 _aЯ
852 _aЦб 227478
852 _aК 821.163.2/Д 40 И
856 4 _qpdf
856 4 _qpdf
942 _cKNG
_n0
_s1
944 _aCR
_c12.05.2006
_lТеодора Пейчева-Дянкова
_k30556
944 _aED
_c27.01.2017
_lф /
_kВиолета_Тройчева
999 _d112501